00301nam a2200133Ia 4500008004100000041000800041082001300049100002100062245002000083260002800103300000700131365000800138700002100146230718s9999 xx 000 0 und d aeng a330bSUN aSundharam K.P.M. aMicro Economics bSaunder College/S.Chand a64 cRs. aSundharam K.P.M.